Giải pháp đẩy mạnh hoạt động marketing cho công ty cổ phần vật tư Hậu Giang : Luận văn Thạc sĩ Kinh tế. Ngành Quản trị kinh doanh
Nghiên cứu nhằm đề xuất một số giải pháp đẩy mạnh hoạt động marketing cho Công ty cổ phần vật tư Hậu Giang
Αποθηκεύτηκε σε:
| Κύριος συγγραφέας: | |
|---|---|
| Μορφή: | Βιβλίο |
| Γλώσσα: | Undetermined |
| Έκδοση: |
Cần Thơ
Trường Đại học Cần Thơ
2016
|
| Θέματα: | |
| Ετικέτες: |
Προσθήκη ετικέτας
Δεν υπάρχουν, Καταχωρήστε ετικέτα πρώτοι!
|
| Thư viện lưu trữ: | Trung tâm Học liệu Trường Đại học Cần Thơ |
|---|
| LEADER | 01003nam a2200217Ia 4500 | ||
|---|---|---|---|
| 001 | CTU_216875 | ||
| 008 | 210402s9999 xx 000 0 und d | ||
| 082 | |a 658.8 | ||
| 082 | |b Tr561 | ||
| 088 | |a 60340102 | ||
| 100 | |a Nguyễn, Văn Trường | ||
| 245 | 0 | |a Giải pháp đẩy mạnh hoạt động marketing cho công ty cổ phần vật tư Hậu Giang : | |
| 245 | 0 | |b Luận văn Thạc sĩ Kinh tế. Ngành Quản trị kinh doanh | |
| 245 | 0 | |c Nguyễn Văn Trường ; Nguyễn Thị Liên Diệp (Người hướng dẫn) | |
| 260 | |a Cần Thơ | ||
| 260 | |b Trường Đại học Cần Thơ | ||
| 260 | |c 2016 | ||
| 520 | |a Nghiên cứu nhằm đề xuất một số giải pháp đẩy mạnh hoạt động marketing cho Công ty cổ phần vật tư Hậu Giang | ||
| 650 | |a Tiếp thị,Marketing | ||
| 904 | |i Hiền,Hải | ||
| 980 | |a Trung tâm Học liệu Trường Đại học Cần Thơ | ||